| 000 | 00791nac a22002051u 4500 | ||
|---|---|---|---|
| 008 | 100907t2006 xxu|||||r|||| 001 0 eng d | ||
| 010 | _a 2005051478 | ||
| 020 | _a0849372356 (alk. paper) | ||
| 082 | 0 | 0 |
_a624.1771 _bPRI _222 |
| 100 |
_a20080729 _918478 |
||
| 245 | 0 | 0 |
_aPrinciples of Structural Design / _cEdited by Wai-Fah Chen, Eric M. Lui. |
| 260 |
_aBoca Raton : _bCRC/Taylor & Francis, _c2006. |
||
| 300 |
_a1 v. (various pagings) : _bill. ; _c26 cm. |
||
| 504 | _aIncludes bibliographical references and index. | ||
| 650 | 0 |
_aStructural design. _918479 |
|
| 700 | 1 |
_aChen, Wai-Fah, _d1936- _918480 |
|
| 700 | 1 |
_aLui, E. M. _918481 |
|
| 856 | 4 | 2 |
_3Publisher description _uhttp://www.loc.gov/catdir/enhancements/fy0653/2005051478-d.html |
| 942 |
_cBB _k624.1771 PRI _2ddc |
||
| 999 |
_c1884 _d1884 |
||